000 00789nam a22001937a 4500
999 _c371957
_d371957
008 201127b ||||| |||| 00| 0 eng d
040 _aDE-2950
_bger
_cDE-2950
_erda
041 _ager
245 _aGut vorbereitet auf die neue Trinkwasserverordnung.
_bLebensmittel: Mitarbeitende des Landeslabors in Frankfurt haben ein Analyseverfahren entwickelt. Um die Einhaltung der Grenzwerte zu kontrollieren /
_cInes Weber-Rath
264 _c2022
653 _aFrankfurt (Oder)
653 _aLandeslabor
653 _aTrinkwasserananlyse
773 _dFrankfurt (Oder) Märkisches Verlags- und Druckhaus GmbH & Co KG
_tMärkische Oderzeitung
_g33. Jahrgang (2022) Nr. 273 vom 23.11.2022, S. 13: Foto.
942 _cA